The effect of capital availability and credit on the use of resources in padi farming /
Saved in:
| Main Author: | |
|---|---|
| Format: | Thesis Book |
| Language: | English |
| Published: |
Kuala Lumpur,
1972.
|
| Subjects: | |
| Tags: |
Add Tag
No Tags, Be the first to tag this record!
|
| LEADER | 01213cam a2200313 4500 | ||
|---|---|---|---|
| 001 | u29698 | ||
| 003 | SIRSI | ||
| 008 | 810411s1972 my bt 00 1 eng m | ||
| 015 | |a X800014379 | ||
| 035 | |a AAD-2073 | ||
| 040 | |a UMM | ||
| 043 | |a a-my--- |a a-my-ke | ||
| 050 | 0 | |a HG2051.M2 | |
| 090 | |a HG2051 |b M2Chu | ||
| 091 | |a Microfiche 472 | ||
| 100 | 1 | 0 | |a Chung, Kek Win. |
| 245 | 1 | 4 | |a The effect of capital availability and credit on the use of resources in padi farming / |c Chung Kek Win. |
| 260 | |a Kuala Lumpur, |c 1972. | ||
| 300 | |a 176 leaves : |b ill.; |c 26 cm. | ||
| 500 | |a Typescript | ||
| 500 | |a Microfiche (negative). Kuala Lumpur : University of Malaya Library, 1973. 11 x 15 cm. | ||
| 502 | |a Thesis (M.Agr.Sc.) - Fakulti Pertanian, University of Malaya, 1972. | ||
| 504 | 0 | 0 | |a Bibliography: leaves 151-156 |
| 650 | 0 | |a Agricultural credit |z Kedah |z Kubang Sepat | |
| 650 | 0 | |a Rice |z Kedah |z Kubang Sepat | |
| 948 | |a 16/03/1991 |b 25/09/2003 | ||
| 596 | |a 1 | ||
| 999 | |a HG2051 M2CHU |w LC |c 1 |i A002907582 |d 16/12/2007 |e 16/12/2007 |l STACKS |m P01UTAMA |n 1 |r Y |s Y |t TESIS |u 10/10/1991 | ||
| 999 | |a HG2051 M2CHU |w LC |c 2 |i A500000144 |d 16/12/2007 |e 16/12/2007 |l B_KOM4 |m P01UTAMA |n 1 |r Y |s Y |t TESIS |u 24/10/1991 |o .PUBLIC. BKOM4:30591 | ||
